People`s Power (Record no. 10370)

MARC details
000 -LEADER
fixed length control field 00649nam a2200253 a 4500
020 ## - INTERNATIONAL STANDARD BOOK NUMBER
ISBN
082 00 - DEWEY DECIMAL CLASSIFICATION NUMBER
Classification number 230.046
Author Cutter THU1
100 ## - MAIN ENTRY--AUTHOR NAME
Author name Thumma, Anthoniraj
245 ## - TITLE STATEMENT
Title People`s Power
Sub title Asian/indian Liberation Theology
260 ## - PUBLICATION, DISTRIBUTION, ETC. (IMPRINT)
Place of publication Delhi
Name of publisher ISPCK
Year of publication 2000
300 ## - PHYSICAL DESCRIPTION
Number of Pages 128p
500 ## - GENERAL NOTE
General note includes index and biblioraphy
505 2# - FORMATTED CONTENTS NOTE
Formatted contents note General Index of reference
650 ## - SUBJECT ADDED ENTRY--TOPICAL TERM
Topical Term Liberation-Theology
650 ## - SUBJECT ADDED ENTRY--TOPICAL TERM
Topical Term Theology-India
942 ## - ADDED ENTRY ELEMENTS (KOHA)
Koha item type Books
700 1# -
-- Thumma, Anthoniraj
Holdings
Collection code Home library Current library Date acquired Cost, normal purchase price Full call number Accession Number Koha item type
  Henry Martyn Institute Library Henry Martyn Institute Library 08/01/2007 95.00 230.046 THU1 019805 Books
                   Copyright © 2026 | Henry Martyn Institute | Hyderabad | TS-500052 | INDIA | Implemented by hmi.edu.in
Hit-Count:

Powered by Koha